Las Comunidades rurales y la gestión de los parques naturales = Communautés rurales et gestion des parcs naturels : I encuentro de expertos sobre la gestión de los parques naturales y reservas equivalentes = I reencontre d'experts sur la gestion des parcs naturels et reserves equivalentes / organizado por el Servicio de Parques Naturales de la Diputación de Barcelona ; en colaboración con la UNESCO I encuentro de expertos sobre la gestión de los parques naturales y reservas equivalentes = I reencontre d'experts sur la gestion des parcs naturels et reserves equivalentes / organizado por el Servicio de Parques Naturales de la Diputación de Barcelona ; en colaboración con la UNESCO
Descripción Física:
30 p. : amb map. ; 30 cm
MARC
| LEADER | 00000nam a2200000Ia 4500 | ||
|---|---|---|---|
| 001 | 1885 | ||
| 003 | BGR | ||
| 005 | 20260324175316.0 | ||
| 008 | 160829s1982 xx 000 0 cat d | ||
| 080 | |a FU-18-13 | ||
| 111 | |a Encuentro de Expertos sobre la Gestión de los Parques Naturales y Reservas Equivalentes |9 70754 |c (Castell de Montesquiu : |d 1982) | ||
| 245 | |a Las Comunidades rurales y la gestión de los parques naturales = Communautés rurales et gestion des parcs naturels : |b I encuentro de expertos sobre la gestión de los parques naturales y reservas equivalentes = I reencontre d'experts sur la gestion des parcs naturels et reserves equivalentes / organizado por el Servicio de Parques Naturales de la Diputación de Barcelona ; en colaboración con la UNESCO | ||
| 260 | |a Barcelona : |b Diputació de Barcelona. Servei de Parcs Naturals, |c 1982 | ||
| 300 | |a 30 p. : |b amb map. ; |c 30 cm | ||
| 650 | |a Espais naturals |x Administració |x Congressos |9 26051 | ||
| 650 | |a Reserves ecològiques |x Administració |x Congressos |9 26052 | ||
| 710 | 2 | |a UNESCO |9 52950 | |
| 710 | |a Barcelona (Catalunya : Província). |b Servei de Parcs Naturals |9 53492 | ||
| 901 | |a Arxiu | ||
| 942 | |n 1 |2 udc |c MON | ||
| 952 | |0 0 |1 0 |4 0 |6 FU1813 |7 1 |9 43866 |a Arxiu |b Arxiu |d 2016-12-01 |l 0 |o FU-18-13 |p 1885 |r 2016-12-01 00:00:00 |w 2016-12-01 |y ARXIU | ||
| 999 | |c 46446 |d 46446 | ||